000 00438nam a2200133Ia 4500
005 20251222143209.0
008 251222s9999||||xx |||||||||||||| ||spa||
020 _a84-7908-174-0
082 _a610.7/G19
100 _aGandía Hernández, Eleuterio
245 0 _aGuía de Información Laboral para Diplomados de Enfermería de la Provincia de Alican
264 _bSecretariado de Publicaciones de la Universidad de Alicante
942 _cLIB
999 _c13353
_d13353